01206nam a2200313 a 4500001001100000003000800011006001900019007001500038008004100053010001700094015001500111020002100126020002200147040002100169035002000190050002600210082001400236100002300250245008300273260007000356300002200426504006600448533015200514650001100666650004400677655002900721710001700750856012500767ebr5001733CaPaEBRm u cr cn|||||||||010103s2000 enka sb 001 0 eng d z 2001274023 aGBA0-X0948 z0521560454 (hbk) z0521568633 (pbk.) aCaPaEBRcCaPaEBR a(OCoLC)5116147314aBF575.S45bP38 2000eb04a152.42211 aPattison, Stephen.10aShameh[electronic resource] :btheory, therapy, theology /cStephen Pattison. aCambridge, U.K. ;aNew York :bCambridge University Press,c2000. ax, 343 p. :bill. aIncludes bibliographical references (p. 317-334) and indexes. aElectronic reproduction.bPalo Alto, Calif. :cebrary,d2013.nAvailable via World Wide Web.nAccess may be limited to ebrary affiliated libraries. 0aShame. 0aShamexReligious aspectsxChristianity. 7aElectronic books.2local2 aebrary, Inc.40uhttp://site.ebrary.com/lib/rucke/Doc?id=5001733zAn electronic book accessible through the World Wide Web; click to view